Ensayo histórico-apalogetico de la literatura Española contra las opiniones preocupadas de algunos Escritores modernos Italianos (Record no. 8380)

MARC details
000 -CABECERA
campo de control de longitud fija 02321nam a2200253 a 4500
001 - NÚMERO DE CONTROL
campo de control BRCA_8728
005 - FECHA Y HORA DE LA ÚLTIMA TRANSACCIÓN
campo de control 20190320210400.0
008 - DATOS DE LONGITUD FIJA--INFORMACIÓN GENERAL
campo de control de longitud fija 170217s1783----sp-#######---#000-0#spa-#
041 ## - CÓDIGO DE LENGUA
Código de lengua del texto/banda sonora o título independiente spa
044 ## - CÓDIGO DEL PAÍS DE LA ENTIDAD EDITORA/PRODUCTORA
Código MARC del país sp
084 ## - OTRO NÚMERO DE CLASIFICACIÓN
Número de clasificación BE77
Número de documento/Ítem .L36 1783
100 1# - ENTRADA PRINCIPAL--NOMBRE DE PERSONA
Nombre de persona Lampillas, Xavier
9 (RLIN) 21725
245 10 - MENCIÓN DE TÍTULO
Título Ensayo histórico-apalogetico de la literatura Española contra las opiniones preocupadas de algunos Escritores modernos Italianos
Mención de responsabilidad, etc. Disertaciones del Señor Abate Don Xavier Lampillas; parte segunda de la literatura moderna, tomo tercero; traducida del Italiano al Español por Da. Josefa Amar y Borbon, residente en la Ciudad de Zaragoza, Socia de merito de la Real Sociedad Econòmica Aragonesa de Amigos del País.
260 ## - PUBLICACIÓN, DISTRIBUCIÓN, ETC.
Lugar de publicación, distribución, etc. Zaragoza
Nombre del editor, distribuidor, etc. En la Oficina de Blas Miedes
Fecha de publicación, distribución, etc. 1783
300 ## - DESCRIPCIÓN FÍSICA
Extensión 291p. (t.3)
Dimensiones 19.5 x 15.5 cm.
500 ## - NOTA GENERAL
Nota general Con marca de fuego: “Procedencia de la marca: Colegio de la Santa Cruz de Querétaro(1). Institución: Congregación de Propaganda Fide. Descripción: Cruz franqueada por las sílabas ´CO´ y ´LE´ de Colegio. Figura enmarcada en un círculo que representa el cordón franciscano. Observaciones: Rafael Sala y Carlos Krausse catalogan esta marca junto con una que solo posee la sílaba ´CO´ (consultar BJML-12026) como perteneciente al Colegio de Misioneros de Propaganda Fide, de la Santísima Cruz de Querétaro. David Saavedra por su parte, hace una atribución casi idéntica, salvo que menciona ´de la Cruz de los Milagros de Querétaro´. ------- La colección que comparte esta marca junto con una de menor tamaño se alberga en el Convento de la Santa Cruz en Querétaro. ---------- La marca BEFK-12088 es, seguramente, una mala impronta de esta marca, debido a sus dimensiones. Ubicación de la marca en el libro: Canto superior e inferior”
500 ## - NOTA GENERAL
Nota general Estado físico: presenta lomo semi desprendido, con presencia del pez de plata y no contiene portada
650 14 - PUNTO DE ACCESO ADICIONAL DE MATERIA--TÉRMINO DE MATERIA
Término de materia o nombre geográfico como elemento de entrada Literatura española
Subdivisión cronológica Obras anteriores a 1800
Subdivisión geográfica España
9 (RLIN) 21726
650 14 - PUNTO DE ACCESO ADICIONAL DE MATERIA--TÉRMINO DE MATERIA
Término de materia o nombre geográfico como elemento de entrada Literatura comparada
Término indicativo de función/relación Española e italiana
9 (RLIN) 21727
700 1# - PUNTO DE ACCESO ADICIONAL--NOMBRE DE PERSONA
Nombre de persona Amar y Borbon, Josefa
Término indicativo de función/relación tr.
9 (RLIN) 21728
856 ## - LOCALIZACIÓN Y ACCESO ELECTRÓNICOS
Nombre del host http://www.marcasdefuego.buap.mx:8180/xmLibris/projects/firebrand/item.jsp?repository=marcas_de_fuego&key=marcas_de_fuego_franciscanas_20161125150959_5ea3.xml&num=147
902 ## - CATALOGADOR
Iniciales CFM
942 ## - ELEMENTOS DE PUNTO DE ACCESO ADICIONAL (KOHA)
Fuente del sistema de clasificación o colocación Library of Congress Classification
Tipo de ítem Koha Libros
Holdings
Estado de retiro Estado de pérdida Estado dañado No para préstamo Localización permanente Ubicación/localización actual Fecha de adquisición Total de préstamos Signatura topográfica completa Código de barras Fecha visto por última vez Precio válido a partir de Tipo de ítem Koha
El ejemplar forma parte de la colección y puede ser consultado según las políticas vigentes.       Biblioteca del Museo Franz Mayer (Rogerio Casas-Alatriste) Biblioteca del Museo Franz Mayer (Rogerio Casas-Alatriste) 17/02/2017   BE77 .L36 1783 CFM00065 22/03/2019 22/03/2019 Libros